000 00221nam a2200121Ia 4500
100 _a#N/A
942 _cBK
245 _aOracle for professionals
260 _b#N/A
082 _b22768
546 _aENGLISH
999 _c29073
_d29073